<?xml version="1.0" encoding="UTF-8"?><?xml-stylesheet type="text/xsl" href="static/style.xsl"?><OAI-PMH xmlns="http://www.openarchives.org/OAI/2.0/" xmlns:xsi="http://www.w3.org/2001/XMLSchema-instance" xsi:schemaLocation="http://www.openarchives.org/OAI/2.0/ http://www.openarchives.org/OAI/2.0/OAI-PMH.xsd"><responseDate>2026-04-14T05:44:38Z</responseDate><request verb="GetRecord" identifier="oai:www.recercat.cat:2117/341623" metadataPrefix="marc">https://recercat.cat/oai/request</request><GetRecord><record><header><identifier>oai:recercat.cat:2117/341623</identifier><datestamp>2025-07-17T15:54:53Z</datestamp><setSpec>com_2072_1033</setSpec><setSpec>col_2072_452951</setSpec></header><metadata><record xmlns="http://www.loc.gov/MARC21/slim" xmlns:dcterms="http://purl.org/dc/terms/" xmlns:xsi="http://www.w3.org/2001/XMLSchema-instance" xmlns:doc="http://www.lyncode.com/xoai" xsi:schemaLocation="http://www.loc.gov/MARC21/slim http://www.loc.gov/standards/marcxml/schema/MARC21slim.xsd">
   <leader>00925njm 22002777a 4500</leader>
   <datafield ind2=" " ind1=" " tag="042">
      <subfield code="a">dc</subfield>
   </datafield>
   <datafield ind2=" " ind1=" " tag="720">
      <subfield code="a">Adames Cepeda, Juan Luis</subfield>
      <subfield code="e">author</subfield>
   </datafield>
   <datafield ind2=" " ind1=" " tag="260">
      <subfield code="c">2020-10-21</subfield>
   </datafield>
   <datafield ind2=" " ind1=" " tag="520">
      <subfield code="a">Así como el mundo moderno va acorde con los avances tecnológicos, el mundo de la construcción cuenta con una amplia gama de tecnología que facilita el poder culminar con excelentes resultados toda obra de construcción. Estos avances incluyen el uso de tecnología avanzada como los sistemas aéreos no tripulados o mejor conocidos como drones, ya que las finalidades de esta tecnología son disminuir los costos, tiempos y riesgos dentro de las obras de construcción.&#xd;
El presente trabajo nos va a dar un pantallazo de todo lo relacionado a estos sistemas, desde los inicios en el uso de esta tecnología y de cómo podemos, de manera eficiente y con el conocimiento y adiestramiento adecuado, tener el control en su totalidad de todo lo que acontece a lo largo del desarrollo de las obras de construcción. También, se hablará sobre la legislación que rige el uso de estos sistemas aéreos no tripulados dentro del territorio español.&#xd;
Así mismo como existe esta tecnología en diversos proyectos de construcción a gran escala, estos sistemas facilitan y permiten tener el control de lo que representa la gestión de las obras de una manera más factible y eficiente.&#xd;
También en este trabajo se hablará sobre las diversas aplicaciones que tienen estos sistemas en el sector de la construcción e igualmente se describirá el uso de estos sistemas para tener buenos resultados, como lo son los mapas o modelos tridimensionales que se pueden generar a partir de la información que recogen estas aeronaves y el uso de estos modelos en la gestión de las obras.</subfield>
   </datafield>
   <datafield ind2=" " ind1=" " tag="520">
      <subfield code="a">Just as the modern world is in line with technological advances, the construction world has a wide range of technology that makes it easy to complete all construction work with excellent results. These advances include the use of advanced technology such as unmanned aerial systems or better knownas drones, since the purposes of this technology are to reduce costs, times and risks within construction sites.This work will give us a glimpse of everything related to these systems, from the beginning in the use of this technology and how we can, efficiently and with the appropriate knowledge and training, have complete control of everything that happens throughout the development of the construction works. Also, the legislation governing the use of these unmanned aerial systems within Spanish territory will be discussed.Just as this technology exists in various large-scale construction projects, these systems facilitate and allow control of what the management of the construction works represents in a more feasible and efficient way.Also in this workwe will talk about the various applications that these systems have in the construction sector and the use of these systems to have good results will also be described, such as maps or three-dimensional models that can be generated from the information collected by these aircraftsand the use of these models in the management of the construction works</subfield>
   </datafield>
   <datafield tag="653" ind2=" " ind1=" ">
      <subfield code="a">Àrees temàtiques de la UPC::Edificació::Tècniques i sistemes constructius</subfield>
   </datafield>
   <datafield tag="653" ind2=" " ind1=" ">
      <subfield code="a">Drone aircraft</subfield>
   </datafield>
   <datafield tag="653" ind2=" " ind1=" ">
      <subfield code="a">Building</subfield>
   </datafield>
   <datafield tag="653" ind2=" " ind1=" ">
      <subfield code="a">Avions no tripulats</subfield>
   </datafield>
   <datafield tag="653" ind2=" " ind1=" ">
      <subfield code="a">Construcció</subfield>
   </datafield>
   <datafield ind2="0" ind1="0" tag="245">
      <subfield code="a">Utilización de sistemas aéreos no tripulados (UAS) en el sector de la construcción.</subfield>
   </datafield>
</record></metadata></record></GetRecord></OAI-PMH>